| Tag |
First Indicator |
Second Indicator |
Subfields |
| LEADER |
00000cam a2200000 a 4500 |
| 001 |
in00000020596 |
| 005 |
20191012063102.0 |
| 008 |
860723s1987 nyua b 00110 eng |
| 010 |
|
|
|a 86045087
|
| 020 |
|
|
|a 0064301621 (pbk.) :
|c $14.95
|
| 020 |
|
|
|a 0064309045 (hard) :
|c $29.95
|
| 035 |
|
|
|a (OCoLC)14068109
|
| 035 |
|
|
|9 AAB3521AM
|
| 040 |
|
|
|a DLC
|c DLC
|d TXA
|d UtOrBLW
|
| 043 |
|
|
|a e-it---
|
| 049 |
|
|
|a TXAM
|c [A11052758]
|
| 050 |
0 |
0 |
|a N6915
|b .C6 1987
|
| 082 |
0 |
|
|a 709/.45
|2 19
|
| 100 |
1 |
|
|a Cole, Bruce,
|d 1938-2018.
|
| 245 |
1 |
0 |
|a Italian art, 1250-1550 :
|b the relation of Renaissance art to life and society /
|c Bruce Cole.
|
| 250 |
|
|
|a 1st ed.
|
| 264 |
|
1 |
|a New York :
|b Harper & Row,
|c [1987]
|
| 264 |
|
4 |
|c ©1987
|
| 300 |
|
|
|a xxiv, 294 pages :
|b illustrations ;
|c 24 cm.
|
| 336 |
|
|
|a text
|b txt
|2 rdacontent
|
| 337 |
|
|
|a unmediated
|b n
|2 rdamedia
|
| 338 |
|
|
|a volume
|b nc
|2 rdacarrier
|
| 490 |
0 |
|
|a Icon editions
|
| 504 |
|
|
|a Bibliography: pages 282-283.
|
| 500 |
|
|
|a Includes index.
|
| 650 |
|
0 |
|a Art, Italian.
|
| 650 |
|
0 |
|a Art, Early Renaissance
|z Italy.
|
| 650 |
|
0 |
|a Art and society
|z Italy.
|
| 999 |
|
|
|a MARS
|
| 999 |
f |
f |
|s c1761eba-e144-3ed0-8221-91f3e3fefaba
|i cf4d978c-ab0a-3adb-b6aa-ae6feb51db2e
|t 0
|
| 952 |
f |
f |
|p normal
|a Texas A&M University
|b College Station
|c Sterling C. Evans Library
|d Evans: Library Stacks
|t 0
|e N6915 .C6 1987
|h Library of Congress classification
|i unmediated -- volume
|m A14811052758
|
| 998 |
f |
f |
|a N6915 .C6 1987
|t 0
|l Evans: Library Stacks
|